00426nam a2200157Ia 4500001000500000005001700005008004100022041000800063082001500071100002300086245010600109260000900215300002800224650000800252654000800260859420260306160621.0260306t2013||||xx |||||||||||||| ||spa|| aESP a371.2bB61 aBlase, JosepheAUT 0aEstrategias para una dirección escolar eficaz:bcómo motivar, inspirar y liderar a los profesores c2013 a159 páginas :c21 cm. aGEN aCED